=LDR 00000nam 2200000 4500 =001 INLIS000000000005169 =005 20130612093427 =008 ***********************************Ind** =035 ##$$0010-061300000005169 =041 ##$$a Ind =082 ##$$a 658.4 =090 ##$$a 658.4, Bra s =100 ##$$a BRANDT, Steven C =245 ##$$a Sepuluh perintah bagi pengusaha, Cetak biru bagi setiap wirausaha untuk memulai dan membina pertumbuhan perusahaan secara optimal, Steven C. Brandt =260 ##$$a 1985 $b Jakarta =300 ##$$a xv, 211 hlm, ilus, 23 cm =650 ##$$a Manajemen Eksekutif =850 ##$$a NBPNMAT